[Event "Olympiad Women 2024"]
[Site "Budapest HUN"]
[Date "2024.09.22"]
[Round "11.45"]
[Board "2"]
[White "Caxita, Esperanca"]
[Black "Raymundo, Deycy Daniela"]
[Result "1-0"]
[WhiteElo "1932"]
[BlackElo "1728"]
[PlyCount "147"]
[EventDate "2024.09.11"]
[WhiteTeam "Angola"]
[BlackTeam "Guatemala"]
[WhiteTeamCountry "ANG"]
[BlackTeamCountry "GUA"]

1. e4 c5 2. Nc3 e6 3. Nf3 Nc6 4. g3 Be7 ({RR} 4... g5 5. d4 g4 6. d5 gxf3 7. dxc6 bxc6 8. Qxf3 Bg7 9. Bg2 Ba6 10. Bf1 Bb7 11. Be3 Qa5 12. Bd2 Qb6 13. Na4 Qc7 14. Nxc5 Rb8 15. Bc3 Be5 16. Nxd7 Kxd7 17. Qxf7+ Ne7 18. O-O-O+ Bd6 19. Bxh8 {1-0 Van den Doel,E (2568)-Van Wely,L (2658) NED-ch internet blitz 2016 (2.1)}) 5. Bg2 Nf6 ({RR} 5... d5 6. O-O Nf6 7. e5 Ng4 8. Re1 Qc7 9. d4 a6 10. Bf4 cxd4 11. Nxd4 Nxd4 12. Qxg4 Nf5 13. Nxd5 Qd8 14. Ne3 O-O 15. Be4 g6 16. c4 f6 17. Rad1 Qa5 18. Nxf5 exf5 19. Bd5+ Kg7 20. Qh4 {1-0 Ribeiro Carrico,V (1750)-Thurow,J (1144) Timbo op 2021 (1)}) 6. O-O O-O 7. Re1 $146 ({RR} 7. d3 d5 8. Bg5 d4 9. Ne2 h6 10. Bf4 Bd6 11. e5 g5 12. exd6 gxf4 13. Nxf4 e5 14. Ne2 Qxd6 15. Qd2 Kh7 16. c3 Bf5 17. Nh4 dxc3 18. Nxc3 Qxd3 19. Rad1 Rad8 20. Qxd3 Bxd3 21. Rfe1 Rfe8 {0-1 Nguyen,M-Tran,G VIE-ch U15 Vietnam 2012 (4)}) 7... d5 8. exd5 exd5 9. d4 cxd4 10. Nxd4 Nxd4 11. Qxd4 Be6 12. Bg5 h6 13. Bf4 b6 14. Be5 Bc5 15. Qf4 Ng4 16. Bd4 Bxd4 17. Qxd4 Qf6 18. Rad1 Rac8 19. h3 Qxd4 20. Rxd4 Nf6 21. Re2 Rfd8 22. f4 Rc5 23. g4 Kf8 24. Red2 Rdc8 25. f5 Bd7 26. Bxd5 Nxd5 27. Rxd5 Rxd5 28. Rxd5 Bc6 29. Rd2 Ke7 30. Kf2 g6 31. Re2+ Kf6 32. fxg6 fxg6 33. Kg3 a6 34. Nd1 Re8 35. Rd2 Re1 36. Rd6+ Re6 37. Rd3 Bb5 38. Rf3+ Kg7 39. Re3 Rxe3+ 40. Nxe3 Bc6 41. Nc4 b5 42. Ne5 Bd5 43. a3 Kf6 44. Nd7+ Ke7 45. Nc5 a5 46. Kf4 g5+ 47. Ke3 Bg2 48. Nb3 Bxh3 49. Kf3 Bf1 50. Nd2 Bc4 51. Nxc4 bxc4 52. b3 Kd6 53. b4 axb4 54. axb4 Kd5 55. c3 Ke5 56. b5 Kd5 57. b6 Kc6 58. Ke3 Kxb6 59. Kd4 Kc6 60. Kxc4 Kd6 61. Kd4 Ke6 62. Ke4 Kf6 63. c4 Ke6 64. c5 Kd7 65. Kf5 Kc6 66. Kg6 h5 67. Kxh5 Kxc5 68. Kxg5 Kd6 69. Kf6 Kd7 70. Kf7 Kd6 71. g5 Kd7 72. g6 Kd6 73. g7 Kd7 74. g8=Q 1-0

[Event "Olympiad Women 2024"]
[Site "Budapest HUN"]
[Date "2024.09.22"]
[Round "11.45"]
[Board "3"]
[White "Santiago Sontay, Jenny Fernanda"]
[Black "Junior, Ednasia"]
[Result "1-0"]
[WhiteElo "1773"]
[BlackElo "1888"]
[PlyCount "73"]
[EventDate "2024.09.11"]
[WhiteTeam "Guatemala"]
[BlackTeam "Angola"]
[WhiteTeamCountry "GUA"]
[BlackTeamCountry "ANG"]

1. e4 c5 2. Nf3 e6 3. d4 cxd4 4. Nxd4 Nf6 5. Nc3 d6 6. Be2 Be7 7. O-O O-O 8. Be3 a6 9. a3 Qc7 10. Nb3 Nbd7 11. f4 b5 12. Bf3 Bb7 13. Qe2 Rac8 14. g4 d5 $146 ({RR} 14... Nb6 15. g5 Nfd7 16. Nd2 Rfe8 17. h4 Nc5 18. Rab1 Bf8 19. h5 Rcd8 20. Qf2 d5 21. e5 Nc8 22. Ne2 Ne4 23. Bxe4 dxe4 24. Nd4 Ne7 25. c3 Nf5 26. Rbc1 Rd7 27. N2b3 Red8 28. Nxf5 exf5 29. Nd4 {1-0 Barjan Pinedo,J (2080)-Araujo Sanchez,J (2123) DOM-ch Santo Domingo 2018 (4)}) 15. e5 Ne4 16. Bxe4 dxe4 17. Rf2 f6 18. Nd4 Nc5 19. exf6 Bxf6 20. Rd1 e5 21. Nf5 exf4 22. Bxf4 Be5 23. Bxe5 Qxe5 24. Qe3 Rcd8 25. Rxd8 Rxd8 26. Qg5 Qc7 27. Nh6+ Kh8 28. Qxd8+ Qxd8 29. Nf7+ Kg8 30. Nxd8 Bc8 31. g5 Bg4 32. Rf4 Bh3 33. Nxe4 Na4 34. b3 Nb6 35. Nc5 Nd5 36. Rf2 Ne7 37. Nxa6 1-0

[Event "Olympiad Women 2024"]
[Site "Budapest HUN"]
[Date "2024.09.22"]
[Round "11.45"]
[Board "4"]
[White "Pires, Luzia"]
[Black "Mazariegos, Silvia Carolina"]
[Result "1/2-1/2"]
[WhiteElo "1877"]
[BlackElo "1878"]
[PlyCount "127"]
[EventDate "2024.09.11"]
[WhiteTeam "Angola"]
[BlackTeam "Guatemala"]
[WhiteTeamCountry "ANG"]
[BlackTeamCountry "GUA"]

1. d4 f5 2. Nf3 Nf6 3. e3 e6 4. b3 d5 ({RR} 4... b6 5. Bb2 Bb7 6. Nbd2 Be7 7. Bd3 O-O 8. c4 c5 9. O-O Ne4 10. Qc2 d5 11. cxd5 exd5 12. Rad1 Nd7 13. Bb5 Rc8 14. Bxd7 Qxd7 15. Ne5 Qe6 16. f3 cxd4 17. Qd3 Nxd2 18. Rxd2 Qxe5 19. Bxd4 {0-1 Pranav,V (2545)-Zierk,S (2488) Titled Tue 3rd Jan Early 2023 (7)}) ({RR} 4... Be7 5. Bb2 O-O 6. Bd3 d6 7. Nbd2 Bd7 8. Bc4 Ne4 9. O-O Bf6 10. Bd3 Bc6 11. Bxe4 fxe4 12. Ne1 Bg5 13. Qg4 Qe7 14. Nxe4 Bh6 15. Nf3 Nd7 16. Neg5 Rae8 17. Ne4 Nf6 18. Nxf6+ Rxf6 19. Qh3 {1-0 Ruzaykyn,D (1494)-Blijlevens,P (1925) Open NK Rapid 2024 (2.50)}) 5. Bb2 Bd6 6. Bd3 Qe7 $146 ({RR} 6... O-O 7. Nbd2 Nbd7 8. O-O c6 9. h3 Ne4 10. Ne5 Ndf6 11. f3 Ng3 12. Re1 Nfh5 13. Nf1 Nxf1 14. Rxf1 f4 15. e4 Qg5 16. c4 c5 17. Ng4 Ng3 18. Re1 cxd4 19. exd5 exd5 20. Bxd4 Bxg4 21. fxg4 {0-1 Ferrer Comas,J (2020)-Vargas Drechsler,C (2080) Barcelona La Lira op 1995 (8)}) 7. c4 c6 8. a3 O-O 9. O-O Ne4 10. b4 Nd7 11. b5 Ndf6 12. Ne5 dxc4 13. Bxc4 Bxe5 14. dxe5 Ng4 15. g3 cxb5 16. Be2 Nh6 17. Bxb5 Rd8 18. Bd4 Bd7 19. Bxd7 Qxd7 20. Nd2 Nxd2 21. Qxd2 Nf7 22. Qe2 Qd5 23. f4 b6 24. Rfd1 Qb7 25. Qg2 Qxg2+ 26. Kxg2 Rd7 27. Rac1 Nd8 28. Rd2 Kf7 29. Rdc2 Nb7 30. Kf3 Rad8 31. Rc7 Ke8 32. R1c6 Rxc7 33. Rxc7 Rd7 34. Rxd7 Kxd7 35. e4 g6 36. h3 h5 37. g4 hxg4+ 38. hxg4 Nd8 39. exf5 exf5 40. g5 Ke6 41. Ke3 Kd5 42. Kd3 Nc6 43. Bb2 b5 44. Bc3 a6 45. Bb4 Nd8 46. Bd2 Ne6 47. Kc3 a5 48. Kd3 b4 49. axb4 axb4 50. Be3 Nd8 51. Bc1 Ne6 52. Be3 Nc7 53. Bd2 Kc5 54. Be3+ Kd5 55. Bd2 Ne6 56. Be3 Nc7 57. Bd2 Kc5 58. Be3+ Kd5 59. Bd2 Na6 60. Be3 Nb8 61. Bd2 Nc6 62. Be1 Kc5 63. Bf2+ Kd5 64. Be1 1/2-1/2

[Event "Olympiad Women 2024"]
[Site "Budapest HUN"]
[Date "2024.09.22"]
[Round "11.46"]
[Board "1"]
[White "Chuemsakul, Sarocha"]
[Black "Cordero, Daniela"]
[Result "1-0"]
[WhiteElo "1906"]
[BlackElo "2017"]
[PlyCount "75"]
[EventDate "2024.09.11"]
[WhiteTeam "Thailand"]
[BlackTeam "Bolivia"]
[WhiteTeamCountry "THA"]
[BlackTeamCountry "BOL"]

1. d4 e6 2. c4 f5 3. a3 a5 ({RR} 3... Nf6 4. g3 Be7 5. Bg2 O-O 6. Nc3 d6 7. Nf3 Qe8 8. O-O Qh5 9. c5 dxc5 10. dxc5 Bxc5 11. b4 Bd6 12. Nb5 Ne4 13. Bb2 Nc6 14. Rc1 a6 15. Nxd6 cxd6 16. a4 e5 17. Nd2 Rf6 18. Nxe4 {1-0 Miladinovic,I (2607)-Todorovic,J (2381) SRB-ch Vrsac 2007 (11)}) ({RR} 3... b6 4. e4 fxe4 5. Nc3 Bb7 6. d5 exd5 7. Qh5+ Ke7 8. cxd5 Nf6 9. Bg5 Qe8 10. Bxf6+ gxf6 11. Qxe8+ Kxe8 12. Nxe4 Bg7 13. O-O-O f5 14. Ng3 Rf8 15. Nf3 Na6 16. Bc4 Nc5 17. Rhe1+ Kd8 18. Ng5 {½-½ Montano Vicente,G (1819)-Bueno,A (2140) Titled Tue 2nd Apr Late 2024 (6)}) 4. Nc3 Nf6 5. Nf3 $146 ({RR} 5. g3 d5 6. cxd5 exd5 7. Bg2 c6 8. Bf4 Bd6 9. Bxd6 Qxd6 10. e3 O-O 11. Nf3 Nbd7 12. Qc2 Ne4 13. O-O Rf6 14. Nd2 Rh6 15. Ndxe4 fxe4 16. Qb3 Kh8 17. Qd1 g5 18. f4 exf3 19. Rxf3 Qg6 {½-½ Svoboda,J-Smid,J Schneider Bohemia op-B 2000}) ({RR} 5. g3 d5 6. Bg2 c6 7. b3 Be7 8. Nh3 O-O 9. O-O Bd7 10. Nf4 Bd6 11. Nd3 Be8 12. Ne5 Nbd7 13. f4 Bh5 14. c5 Be7 15. Qc2 Ne4 16. Nxe4 fxe4 17. Bh3 Nxe5 18. dxe5 Qd7 19. Be3 Bg6 {½-½ Tarrasch,S-Albin,A Budapest 1896 (3)}) 5... d5 6. Bf4 Be7 7. e3 O-O 8. Be2 b6 9. O-O Bb7 10. Rc1 Na6 11. Qa4 c6 12. Ng5 Qd7 13. Qb3 h6 14. Nf3 g5 15. Ne5 Qd8 16. Bg3 Kg7 17. f3 Nh5 18. Bf2 Bd6 19. Na4 c5 20. Nxb6 Bxe5 21. Nxa8 Bxh2+ 22. Kxh2 Qxa8 23. Qb6 Qb8+ 24. g3 cxd4 25. exd4 f4 26. g4 Ng3 27. Bxg3 fxg3+ 28. Kg2 dxc4 29. Qxe6 Re8 30. Qd7+ Kf8 31. Bxc4 Re7 32. Qf5+ Kg7 33. Rce1 Qd6 34. Rxe7+ Qxe7 35. Re1 Qc7 36. Re8 Qxc4 37. Re7+ Kg8 38. Qg6+ 1-0

[Event "Olympiad Women 2024"]
[Site "Budapest HUN"]
[Date "2024.09.22"]
[Round "11.46"]
[Board "2"]
[White "Monroy G., Nataly A."]
[Black "Prommuang, Araya"]
[Result "1-0"]
[WhiteElo "1939"]
[BlackElo "1753"]
[PlyCount "77"]
[EventDate "2024.09.11"]
[WhiteTeam "Bolivia"]
[BlackTeam "Thailand"]
[WhiteTeamCountry "BOL"]
[BlackTeamCountry "THA"]

1. d4 d5 2. Nf3 e6 3. c4 c6 4. cxd5 exd5 5. Bf4 Bd6 ({RR} 5... Bf5 6. Qb3 Qb6 7. Nbd2 Nf6 8. e3 Nbd7 9. Be2 Be7 10. O-O O-O 11. h3 Ne4 12. Bd3 Nxd2 13. Qxb6 Nxb6 14. Bxf5 Nxf1 15. Kxf1 Nc4 16. b3 Nd6 17. Bd3 Ne4 18. Ne1 Rfd8 19. f3 Ng5 20. Bh2 {0-1 Toma,R (2219)-Parligras,M (2633) ROM-ch Baile Olanesti 2013 (4)}) ({RR} 5... Nf6 6. e3 Bf5 7. Bd3 Bxd3 8. Qxd3 Bd6 9. Bxd6 Qxd6 10. O-O O-O 11. Ne5 Nbd7 12. Nxd7 Qxd7 13. b4 a6 14. Nc3 Rfe8 15. Na4 Ne4 16. Nb6 Qe7 17. Nxa8 Rxa8 18. Rfe1 h6 19. f3 Nf6 20. e4 {0-1 Vila Dupla,A (2041)-Novikova,G (2073) Titled Tue 7th May Late 2024 (9)}) 6. Bxd6 Qxd6 7. e3 Bf5 8. a3 $146 ({RR} 8. Be2 Nf6 9. Nc3 Nbd7 10. O-O O-O 11. Rc1 Rfe8 12. h3 b5 13. Re1 a6 14. Nh4 Be6 15. Nf3 h6 16. Bd3 Rac8 17. Ne2 Ne4 18. Nf4 Bf5 19. Bxe4 dxe4 20. Nd2 g5 21. Nh5 Bg6 22. Ng3 c5 {0-1 Rocha,T (1948)-Lucena,L (2148) Sindilegis op-A 2009 (2)}) ({RR} 8. Bd3 Bxd3 9. Qxd3 Nf6 10. Qa3 Qxa3 11. Nxa3 O-O 12. Ne5 Nbd7 13. Nxd7 Nxd7 14. O-O Nf6 15. Nb1 Rfe8 16. Nc3 Ne4 17. Nxe4 Rxe4 18. b4 a6 19. a4 f5 20. h3 h5 21. Ra3 Rae8 22. b5 f4 {½-½ Ponirakis,D (2051)-Karlis,N (1824) Fyli op 4th 2012 (3)}) 8... Nf6 9. Bd3 Bxd3 10. Qxd3 O-O 11. Nc3 Nbd7 12. O-O Qe7 13. Qf5 g6 14. Qh3 Ne4 15. Nxe4 dxe4 16. Nd2 f5 17. Rac1 c5 18. Nb3 Rac8 19. Qg3 cxd4 20. Nxd4 Qf6 21. b4 Ne5 22. Ne2 Nd3 23. Rxc8 Rxc8 24. Nf4 Nxf4 25. Qxf4 g5 26. Qg3 Kf7 27. Rd1 Qd8 28. Rf1 Qf6 29. h3 h6 30. Rd1 Ke7 31. f3 f4 32. exf4 Qxf4 33. Qe1 Rc4 34. Qe2 e3 35. Qd3 Rc6 36. Qd8+ Kf7 37. Rd7+ Kg6 38. Qe8+ Kf5 39. g4+ 1-0

[Event "Olympiad Women 2024"]
[Site "Budapest HUN"]
[Date "2024.09.22"]
[Round "11.46"]
[Board "3"]
[White "Mekarapiruk, Nathasha"]
[Black "Gareca Ordonez, Carla Angelica"]
[Result "1-0"]
[WhiteElo "1728"]
[BlackElo "1778"]
[PlyCount "81"]
[EventDate "2024.09.11"]
[WhiteTeam "Thailand"]
[BlackTeam "Bolivia"]
[WhiteTeamCountry "THA"]
[BlackTeamCountry "BOL"]

1. e4 c5 2. Nf3 d6 3. d4 cxd4 4. Qxd4 Nc6 5. Bb5 Bd7 6. Bxc6 bxc6 7. c4 e5 8. Qd3 Be7 9. Nc3 ({RR} 9. O-O Nf6 10. Bg5 O-O 11. Bxf6 Bxf6 12. Qxd6 Be6 13. Qxd8 Rfxd8 14. b3 g5 15. h3 h5 16. Nc3 g4 17. hxg4 hxg4 18. Nh2 Rd3 19. Na4 Be7 20. Rfd1 Rad8 21. Rxd3 Rxd3 22. f3 Bg5 23. Nxg4 Bxg4 {½-½ Ma,Q (2640)-Tran,T (2547) Kuala Lumpur op 14th 2017 (5)}) 9... h6 ({RR} 9... Qc7 10. O-O Nf6 11. Bg5 Rd8 12. Rfd1 Bc8 13. c5 dxc5 14. Qc2 Be6 15. Rxd8+ Bxd8 16. Na4 Be7 17. Be3 c4 18. Ng5 Bc8 19. Qxc4 O-O 20. Bc5 Bxc5 21. Nxc5 Rd8 22. h3 h6 23. Nf3 Qd6 24. Qc3 {½-½ Domene Mulyukov,A (2266)-Rodriguez Garcia,M (2130) 35th Roquetas de Mar Open 2024 (8.22)}) 10. O-O Nf6 11. b3 $146 ({RR} 11. h3 O-O 12. Be3 Qc7 13. b4 Rfd8 14. Rab1 Be6 15. Qe2 d5 16. cxd5 cxd5 17. Nxd5 Nxd5 18. exd5 Bxd5 19. Rfc1 Qb7 20. Ne1 Rac8 21. a3 Rc6 22. Rxc6 Bxc6 23. Rd1 Re8 24. Qg4 Kh8 25. Nd3 Bf6 {½-½ Gonzalez Pina,E (1846)-Rodriguez Basulto,R (1837) Adelquis Remon Memorial-H 2017 (7.3)}) ({RR} 11. h3 O-O 12. Rd1 Rb8 13. Rb1 Be6 14. Be3 Qc7 15. b4 a6 16. b5 axb5 17. cxb5 cxb5 18. Nxb5 Qd7 19. Qe2 Qe8 20. Ba7 Rc8 21. Nxd6 Bxd6 22. Rxd6 Bxa2 23. Qxa2 Nxe4 24. Rd3 Ra8 25. Qe2 Rxa7 {1-0 Rodriguez Matos,A (1433)-Cabrera Ramos,B (1612) CUB School-chT 2017 (8.5)}) ({RR} 11. Rd1 Bg4 12. b3 O-O 13. h3 Be6 14. Qe3 Qb6 15. c5 dxc5 16. Nxe5 Qc7 17. f4 g5 18. Nd3 Nd7 19. f5 Bf6 20. Qd2 Ne5 21. Nxe5 Qxe5 22. Bb2 Qd4+ 23. Kh1 Bc8 24. Na4 Qxd2 25. Rxd2 Bxb2 {½-½ Lopez Mijail,N (2103)-Garcia Prada,A (1940) Collado Villalba op 38th 2021 (3)}) 11... O-O 12. Ba3 Qa5 13. Bb2 Rad8 14. Rad1 Nh5 15. Ne2 f5 16. Bc3 Qc7 17. Ng3 Nf4 18. Qc2 fxe4 19. Qxe4 Bg4 20. Rd2 Bxf3 21. gxf3 Nh3+ 22. Kh1 Ng5 23. Qg6 Rf6 24. Qh5 Nxf3 25. Rd3 Rdf8 26. Qg4 Ng5 27. Nh5 Rxf2 28. Rxf2 Rxf2 29. h4 g6 30. hxg5 gxh5 31. Qe6+ Kf8 32. Qxh6+ Ke8 33. Qxh5+ Rf7 34. g6 Rg7 35. Rf3 Bf8 36. Qf5 Be7 37. Qh5 Bf8 38. Qf5 Be7 39. Rh3 Bd8 40. Qe6+ Qe7 41. Rh8+ 1-0

[Event "Olympiad Women 2024"]
[Site "Budapest HUN"]
[Date "2024.09.22"]
[Round "11.46"]
[Board "4"]
[White "Molina, Jessica"]
[Black "Tawankanjana, Sasinat"]
[Result "1-0"]
[WhiteElo "1945"]
[BlackElo "1612"]
[PlyCount "117"]
[EventDate "2024.09.11"]
[WhiteTeam "Bolivia"]
[BlackTeam "Thailand"]
[WhiteTeamCountry "BOL"]
[BlackTeamCountry "THA"]

1. d4 d5 2. Nf3 Nf6 3. Bf4 c5 4. e3 Nc6 5. c3 Qb6 6. Qb3 c4 7. Qc2 Bf5 8. Qc1 h6 9. Be2 e6 10. Nbd2 ({RR} 10. O-O Nh5 11. Be5 f6 12. Bg3 Nxg3 13. fxg3 Bd6 14. Nh4 Bh7 15. Bh5+ Kd7 16. Nd2 g5 17. Nhf3 Bd3 18. Rf2 Rhf8 19. Ne1 Bh7 20. g4 Rac8 21. Nef3 e5 22. b4 cxb3 23. axb3 exd4 24. exd4 Kc7 {0-1 Hirneise,J (2277)-Donchenko,A (2679) Titled Tue 26th Sep Early 2023 (1)}) 10... Be7 11. Ne5 O-O 12. g4 $146 ({RR} 12. O-O Nxe5 13. Bxe5 Rac8 14. f3 Nd7 15. Bg3 e5 16. Re1 exd4 17. exd4 Rfe8 18. Nf1 Bg5 19. Bf4 Bxf4 20. Qxf4 Bg6 21. Qd2 Nf6 22. Ne3 Qd6 23. Bd1 Re6 24. Bc2 Bxc2 25. Nxc2 Rce8 26. Rxe6 Rxe6 {½-½ Dermann,G (2292)-Kahleys,K (2178) Oberliga NRW 1112 2011 (1.8)}) 12... Bh7 13. h4 Nxe5 14. Bxe5 Nd7 15. Bg3 Bd6 16. f4 f6 17. Bf3 Qc6 18. Qd1 b5 19. Qe2 Bd3 20. Qg2 Qc7 21. Bf2 Rab8 22. g5 Kh7 23. Rg1 Nb6 24. Be2 Bf5 25. Bg4 Bxg4 26. Qxg4 f5 27. Qg2 Rg8 28. Nf3 Nd7 29. g6+ Kh8 30. Ng5 Rgf8 31. Nxe6 Qb7 32. Nxf8 Rxf8 33. a3 a5 34. Qh3 Nb6 35. Kd2 b4 36. axb4 axb4 37. Kc2 bxc3 38. bxc3 Nc8 39. Rgb1 Qe7 40. Qf3 Qe6 41. h5 Ne7 42. Rb6 Qd7 43. Bh4 Nc8 44. Rb2 Qc6 45. Rba2 Bc7 46. Qd1 Qe6 47. Qf3 Nb6 48. Rb2 Qd7 49. Kd2 Re8 50. Bf2 Qc6 51. Qd1 Nd7 52. Bh4 Qe6 53. Qf3 Nb6 54. Rb5 Qc6 55. Rab1 Ra8 56. Qd1 Ra2+ 57. R5b2 Ra8 58. Rb5 Na4 59. Qxa4 1-0

[Event "Olympiad Women 2024"]
[Site "Budapest HUN"]
[Date "2024.09.22"]
[Round "11.47"]
[Board "1"]
[White "Miladi, Amen"]
[Black "Antonova, Nadezhda"]
[Result "0-1"]
[WhiteElo "1851"]
[BlackElo "1967"]
[PlyCount "176"]
[EventDate "2024.09.11"]
[WhiteTeam "Tunisia"]
[BlackTeam "Tajikistan"]
[WhiteTeamCountry "TUN"]
[BlackTeamCountry "TJK"]

1. e4 c6 2. d4 d5 3. Nc3 dxe4 4. Nxe4 Nf6 5. Nxf6+ exf6 6. Bf4 Bd6 7. Bxd6 Qxd6 8. Nf3 Qb4+ 9. Nd2 ({RR} 9. Qd2 Qxb2 10. Rc1 Qxa2 11. Bd3 O-O 12. O-O Qd5 13. c4 Qd6 14. c5 Qc7 15. Qc2 h6 16. Qe2 Be6 17. Qe4 f5 18. Qh4 Nd7 19. Rfe1 Nf6 20. Ne5 Rad8 21. Re3 Ng4 22. Nxg4 fxg4 23. Rxe6 fxe6 {0-1 Kunz,A (2178)-Arias,J (2348) Titled Tue 9th Jul Early 2024 (1)}) 9... Qxd4 10. c3 Qe5+ 11. Be2 $146 ({RR} 11. Qe2 O-O 12. Nf3 Qxe2+ 13. Bxe2 Re8 14. Rd1 Bg4 15. O-O Nd7 16. Rxd7 Bxd7 17. Bc4 Be6 18. Bxe6 fxe6 19. Nd2 Rad8 20. Ne4 Rd5 21. b4 b6 22. a4 f5 23. Ng5 Rd3 24. Rc1 Red8 25. Nxe6 Rd1+ {0-1 Aravindhan,A (1031)-Bakija,A (1870) NED-ch U14 Almelo 2021 (4)}) 11... O-O 12. Nf3 Qc7 13. O-O Bf5 14. Qb3 Nd7 15. Rad1 Nc5 16. Qc4 b6 17. b4 Be6 18. Qd4 Rad8 19. Qe3 Nd7 20. Nd4 Rfe8 21. Qg3 Qc8 22. f4 Nf8 23. a4 c5 24. Nb5 cxb4 25. cxb4 Qc2 26. Bf3 Rxd1 27. Bxd1 Qd2 28. Qe1 Qd7 29. Qc3 a6 30. Nd4 Rc8 31. Qb2 Bc4 32. Re1 Rd8 33. Nf3 Bd5 34. Qf2 Qd6 35. Qd2 Bxf3 36. Qxd6 Rxd6 37. Bxf3 Rd4 38. Re4 Ne6 39. f5 Rxe4 40. Bxe4 Nc7 41. Kf2 Kf8 42. Ke3 Ke7 43. Kd4 Kd6 44. Bd3 Nd5 45. Bxa6 Nxb4 46. Bc4 Nc6+ 47. Ke4 Ne5 48. Bb5 Kc5 49. h3 Nc4 50. Kf4 Nd6 51. Bd7 Kd4 52. Bc6 Kc5 53. Bd7 Kb4 54. Bc6 Nc4 55. Be8 Nb2 56. Kg4 Nxa4 57. Bxf7 Nc5 58. Bg8 Nd3 59. Bxh7 Kc3 60. Kh5 Ne5 61. g4 b5 62. g5 b4 63. Bg8 Nc4 64. Kg6 b3 65. Bxc4 Kxc4 66. Kxg7 b2 67. Kxf6 b1=Q 68. g6 Qb2+ 69. Kf7 Qb7+ 70. Kf6 Qb6+ 71. Kg5 Qe3+ 72. Kf6 Qd4+ 73. Kf7 Qd7+ 74. Kf6 Qd8+ 75. Kf7 Qd5+ 76. Kf6 Kd4 77. g7 Ke4 78. h4 Qxf5+ 79. Ke7 Qg6 80. Kf8 Qf6+ 81. Kg8 Qxh4 82. Kf7 Qh5+ 83. Kf8 Qf5+ 84. Ke7 Qg6 85. Kf8 Qf6+ 86. Kg8 Kf5 87. Kh7 Qg6+ 88. Kh8 Qh6+ 0-1

[Event "Olympiad Women 2024"]
[Site "Budapest HUN"]
[Date "2024.09.22"]
[Round "11.47"]
[Board "2"]
[White "Saidova, Rukhshona"]
[Black "Mefteh, Meyssem"]
[Result "0-1"]
[WhiteElo "1873"]
[BlackElo "1834"]
[PlyCount "106"]
[EventDate "2024.09.11"]
[WhiteTeam "Tajikistan"]
[BlackTeam "Tunisia"]
[WhiteTeamCountry "TJK"]
[BlackTeamCountry "TUN"]

1. e4 c5 2. Nf3 Nc6 3. d4 cxd4 4. Nxd4 e6 5. Nc3 Qc7 6. g3 a6 7. Bg2 b5 8. a3 ({RR} 8. Nxc6 Qxc6 9. O-O Bb7 10. Re1 Bc5 11. Be3 Ne7 12. Qd2 Rc8 13. Rad1 Bxe3 14. Rxe3 Rc7 15. a3 O-O 16. Rd3 Rd8 17. h4 a5 18. Rd6 Qc5 19. Qd4 Qxd4 20. R1xd4 Bc6 21. e5 Nf5 22. Bxc6 Nxd4 {0-1 Nepomniachtchi,I (2758)-Yoo,C (2595) Titled Tue 6th Feb Early 2024 (10)}) 8... Bb7 9. O-O Rc8 $146 ({RR} 9... Nf6 10. Bf4 Ne5 11. Re1 d6 12. Bxe5 dxe5 13. Nb3 Be7 14. Qf3 O-O 15. Re3 Bc6 16. g4 Nd7 17. Rd1 a5 18. Qg3 b4 19. axb4 axb4 20. Ne2 Bg5 21. Red3 Bb5 22. c4 Qxc4 23. h4 Bd8 24. Nec1 {0-1 Rodriguez Gonzales,J-Raisa,U Olympiad-14 Final B 1960 (9)}) ({RR} 9... Nf6 10. Nxc6 Qxc6 11. Qe2 Rc8 12. Bg5 Be7 13. Rfe1 h6 14. Bf4 O-O 15. Rad1 Bxa3 16. Nxb5 Qxb5 17. bxa3 Qxe2 18. Rxe2 Rc4 19. Be5 Bxe4 20. Bxf6 Bxg2 21. Kxg2 gxf6 22. Rxd7 Rfc8 23. Ra7 R4c6 24. Rd2 {0-1 Mishra,S (2278)-Himanshu,S (2412) Mumbai Mayors Cup 1st 2008 (9)}) ({RR} 9... Nf6 10. h3 Nxd4 11. Qxd4 Bc5 12. Qd3 h6 13. Bf4 Qb6 14. Rad1 O-O-O 15. b4 Be7 16. Rfe1 d6 17. Be3 Qc6 18. Bd4 Rhe8 19. Qe3 Kb8 20. Rd3 Rc8 21. Re2 Ka8 22. Nd1 Bf8 23. Rc3 Qd7 24. Rd2 {½-½ Weigel,H (2163)-Birkmann,G (2060) Pyramiden Franken Cup 5th 2002 (5)}) 10. Nde2 Ne5 11. h3 Nf6 12. Kh1 Bc5 13. b3 Nc6 14. f4 Nd4 15. Qd3 Bb6 16. Ra2 Nxe2 17. Nxe2 Qc6 18. Be3 Bxe3 19. Qxe3 Nxe4 20. f5 d5 21. fxe6 Qxe6 22. Nf4 Qh6 23. Rd1 O-O 24. Kh2 Nc3 25. Raa1 Nxd1 26. Rxd1 Rxc2 27. Qe7 Ba8 28. Rd4 Qb6 29. Qe5 Qc7 30. Qg5 Qd8 31. Qg4 Qf6 32. Nh5 Qg6 33. Qf3 f5 34. a4 Qe8 35. Nf4 Bc6 36. Qd3 Rc5 37. Bf3 bxa4 38. bxa4 Ra5 39. Qd2 Rxa4 40. Rxa4 Bxa4 41. Bxd5+ Kh8 42. Qb4 Rf6 43. Ne6 Bc6 44. Bc4 Rxe6 45. Bxe6 Qxe6 46. Qd2 Bb5 47. Kg1 Qd7 48. Qc2 Qe6 49. Qd2 Qc8 50. Kh2 Bc4 51. Qc3 Be6 52. Qe3 Bg8 53. Qd3 Qe6 0-1

[Event "Olympiad Women 2024"]
[Site "Budapest HUN"]
[Date "2024.09.22"]
[Round "11.47"]
[Board "3"]
[White "Ben Amor, Meriem"]
[Black "Tolibova, Dilola"]
[Result "0-1"]
[WhiteElo "1733"]
[BlackElo "1831"]
[PlyCount "88"]
[EventDate "2024.09.11"]
[WhiteTeam "Tunisia"]
[BlackTeam "Tajikistan"]
[WhiteTeamCountry "TUN"]
[BlackTeamCountry "TJK"]

1. e4 e5 2. Nf3 Nc6 3. d4 exd4 4. Bc4 Bb4+ 5. c3 dxc3 6. bxc3 Ba5 7. O-O d6 8. Re1 ({RR} 8. Qb3 Qf6 9. Re1 Nge7 10. e5 Nxe5 11. Nxe5 dxe5 12. Nd2 Bf5 13. Nf3 Qb6 14. Qa3 f6 15. Nxe5 fxe5 16. Rxe5 O-O-O 17. Be3 Qd6 18. Qxd6 Rxd6 19. Rxa5 Rhd8 20. h3 Bd3 21. Bxd3 Rxd3 {½-½ Karacsonyi,G (2408)-Zilka,S (2594) ECo-C TCh-SVK 2022-23 (3.1)}) ({RR} 8. Qb3 Qf6 9. e5 dxe5 10. Nbd2 Nge7 11. Ne4 Qg6 12. Re1 O-O 13. Ba3 Bh3 14. Ng3 Be6 15. Nxe5 Bxc4 16. Qxc4 Nxe5 17. Rxe5 Nc6 18. Rxa5 Nxa5 19. Qxc7 Rfc8 20. Qxa5 Qc2 21. Bb4 b6 22. Qf5 Qb2 {1-0 Jonsson,J (1668)-Danielsson,S Reykjavik Open 2024 (3.173)}) 8... Nge7 $146 ({RR} 8... Be6 9. Bxe6 fxe6 10. Ng5 Qd7 11. Qg4 Nd8 12. Nxe6 Qxe6 13. Qh5+ Qf7 14. Qxa5 Nc6 15. Qb5 O-O-O 16. Be3 Nf6 17. Nd2 a6 18. Qb2 Rdf8 19. Rab1 Nd8 20. f3 Nd7 21. Bd4 Nc5 22. Bxc5 dxc5 23. Nb3 {1-0 Demidov,A-Chestnov,D RUS-ch U12 St Petersburg 1999 (5)}) ({RR} 8... Be6 9. Bxe6 fxe6 10. Qb3 Qd7 11. Qxb7 Rb8 12. Qa6 Nge7 13. e5 Nd5 14. exd6 cxd6 15. Rxe6+ Qxe6 16. Qxc6+ Ke7 17. Bg5+ Kf7 18. Be3 Rhc8 19. Ng5+ Kg8 20. Nxe6 Rxc6 21. Nd4 Rc7 22. Ne2 Nxe3 23. fxe3 {0-1 Kieseritzky/Kling-Evans/Perigal London consultation 1847}) ({RR} 8... Qf6 9. Bg5 Qg6 10. e5 Nge7 11. Bxe7 Nxe7 12. exd6 cxd6 13. Qa4+ Bd7 14. Qxa5 Rc8 15. Bb5 Qf5 16. Nd4 Qf6 17. Bxd7+ Kxd7 18. Qb5+ Nc6 19. Qxb7+ Rc7 20. Qb5 g6 21. Nxc6 Rxc6 22. Qb7+ Rc7 23. Qe4 {1-0 Alvarez Vega,J-Garcia Suarez,J Asturias-ch Primera B 2000 (6)}) 9. Ba3 Bg4 10. Qb3 f6 11. Bf7+ Kf8 12. Nbd2 Bxc3 13. Qxc3 Kxf7 14. Qb3+ Be6 15. Qxb7 Rb8 16. Qa6 Rb6 17. Qe2 Ne5 18. Nxe5+ dxe5 19. Red1 Qc8 20. Qe3 Nc6 21. Bc5 Rb2 22. a3 a5 23. Qc3 Qb7 24. Rac1 Rd8 25. Be3 Nd4 26. Qxc7+ Qxc7 27. Rxc7+ Kg6 28. Kf1 Nc2 29. Ba7 Nxa3 30. Ke1 Nc2+ 31. Kf1 a4 32. Ke2 a3 33. Rc6 Bf7 34. g4 a2 35. h4 h6 36. g5 a1=Q 37. Rxa1 Nxa1 38. Be3 Nb3 39. Rb6 Rdxd2+ 40. Bxd2 Rxd2+ 41. Ke1 Ra2 42. gxh6 Kxh6 43. Rb7 Bc4 44. Rb4 Ra1# 0-1